| 000 | 00827cam a2200241 a 4500 | ||
|---|---|---|---|
| 001 | 673733 | ||
| 005 | 20180215071756.0 | ||
| 008 | 951106s1996 paua b 101 0 eng | ||
| 010 | _a 95048918 | ||
| 020 | _a0898713579 | ||
| 040 |
_aDLC _cDLC _dDLC |
||
| 041 | _aeng | ||
| 080 | _a004.35 ARB | ||
| 082 | 0 | 0 |
_a004.35 ARB _220 |
| 100 | _a35 | ||
| 101 | _aSHK | ||
| 245 | 0 | 0 |
_aNatural & artificial parallel computation : _cedited by David L. Waltz. |
| 246 | 3 | _aNatural and artificial parallel computation | |
| 504 | _aIncludes bibliographical references and index. | ||
| 906 |
_a7 _bcbc _corignew _d1 _eocip _f19 _gy-gencatlg |
||
| 942 |
_2ddc _cBK |
||
| 999 |
_c42662 _d42662 |
||